[Event "Королевский Гамбит. Южный Федеральный округ."]
[Date "2025-11-21"]
[Round "1.1"]
[Board "1"]
[White "Utkin Sava"]
[WhiteElo "1000"]
[Black "Витченко Денис"]
[BlackElo "1000"]
[WebSite "https://www.chessopen.ru"]
[GameId "42870719-d7b8-4964-8536-22841b13fd91"]
[Result "1-0"]

1. e4 { [%clk 0:09:59] } e5 { [%clk 0:09:52] } 2. Nf3 { [%clk 0:09:58] } Nc6 {
[%clk 0:09:52] } 3. Bb5 { [%clk 0:09:57] } Nf6 { [%clk 0:09:39] } 4. O-O {
[%clk 0:09:32] } Bc5 { [%clk 0:09:19] } 5. Bxc6 { [%clk 0:09:25] } dxc6 { [%clk
0:09:08] } 6. Nxe5 { [%clk 0:09:10] } Bd6 { [%clk 0:08:47] } 7. Nf3 { [%clk
0:09:08] } h6 { [%clk 0:08:44] } 8. e5 { [%clk 0:09:08] } O-O { [%clk 0:08:05]
} 9. exd6 { [%clk 0:09:02] } Qxd6 { [%clk 0:07:53] } 10. h3 { [%clk 0:08:51] }
Bf5 { [%clk 0:07:44] } 11. d4 { [%clk 0:08:51] } c5 { [%clk 0:07:30] } 12. dxc5
{ [%clk 0:08:48] } Qxc5 { [%clk 0:07:26] } 13. c3 { [%clk 0:08:49] } Rad8 {
[%clk 0:07:16] } 14. Qb3 { [%clk 0:08:39] } b5 { [%clk 0:07:08] } 15. Be3 {
[%clk 0:08:39] } Qc4 { [%clk 0:06:59] } 16. Qxc4 { [%clk 0:08:38] } bxc4 {
[%clk 0:07:00] } 17. Na3 { [%clk 0:08:35] } Bd3 { [%clk 0:06:50] } 18. Rfd1 {
[%clk 0:08:33] } Be4 { [%clk 0:06:34] } 19. Nxc4 { [%clk 0:08:28] } Bxf3 {
[%clk 0:06:29] } 20. gxf3 { [%clk 0:08:29] } Nd5 { [%clk 0:06:27] } 21. Bxa7 {
[%clk 0:08:23] } Nf4 { [%clk 0:06:11] } 22. Kh2 { [%clk 0:08:21] } Ne6 { [%clk
0:05:54] } 23. Ne3 { [%clk 0:08:19] } Rxd1 { [%clk 0:05:50] } 24. Rxd1 { [%clk
0:08:22] } Rd8 { [%clk 0:05:50] } 25. Rxd8+ { [%clk 0:08:22] } Nxd8 { [%clk
0:05:51] } 26. Nd5 { [%clk 0:08:20] } c6 { [%clk 0:05:50] } 27. Nb4 { [%clk
0:08:18] } c5 { [%clk 0:05:47] } 28. Bxc5 { [%clk 0:08:18] } Ne6 { [%clk
0:05:44] } 29. Bd4 { [%clk 0:08:18] } Nxd4 { [%clk 0:05:38] } 30. cxd4 { [%clk
0:08:18] } f6 { [%clk 0:05:37] } 31. a4 { [%clk 0:08:21] } Kf8 { [%clk 0:05:37]
} 32. a5 { [%clk 0:08:24] } Ke8 { [%clk 0:05:39] } 33. a6 { [%clk 0:08:27] }
Kd8 { [%clk 0:05:40] } 34. a7 { [%clk 0:08:29] } g5 { [%clk 0:05:38] } 35.
a8=Q+ { [%clk 0:08:29] } Kd7 { [%clk 0:05:31] } 36. Qb7+ { [%clk 0:08:24] } Ke6
{ [%clk 0:05:32] } 37. d5+ { [%clk 0:08:17] } Kf5 { [%clk 0:05:26] } 38. Qh7+ {
[%clk 0:08:12] } Ke5 { [%clk 0:05:17] } 39. Qe4+ { [%clk 0:07:57] } Kd6 { [%clk
0:05:12] } 40. Qe6+ { [%clk 0:07:57] } Kc5 { [%clk 0:05:12] } 41. Na6+ { [%clk
0:07:51] } Kd4 { [%clk 0:05:02] } 42. Qe4# { [%clk 0:07:46] } 1-0

[Event "Королевский Гамбит. Южный Федеральный округ."]
[Date "2025-11-21"]
[Round "1.1"]
[Board "1"]
[White "Балакин Данил"]
[WhiteElo "1000"]
[Black "Гончаров Константин"]
[BlackElo "1000"]
[WebSite "https://www.chessopen.ru"]
[GameId "08e7de1e-7f1b-4e69-bbf3-1f07dd84a8b1"]
[Result "0-1"]

1. e4 { [%clk 0:09:59] } e5 { [%clk 0:09:59] } 2. Nf3 { [%clk 0:09:58] } Nc6 {
[%clk 0:09:59] } 3. Bb5 { [%clk 0:09:55] } a6 { [%clk 0:09:59] } 4. Bxc6 {
[%clk 0:09:56] } dxc6 { [%clk 0:09:59] } 5. Nxe5 { [%clk 0:09:56] } Qd4 { [%clk
0:10:00] } 6. Nf3 { [%clk 0:09:52] } Qxe4+ { [%clk 0:10:01] } 7. Qe2 { [%clk
0:09:49] } Qxe2+ { [%clk 0:10:02] } 8. Kxe2 { [%clk 0:09:50] } Bg4 { [%clk
0:10:03] } 9. h3 { [%clk 0:09:48] } Bxf3+ { [%clk 0:10:03] } 10. Kxf3 { [%clk
0:09:49] } O-O-O { [%clk 0:09:59] } 11. Nc3 { [%clk 0:09:47] } Nf6 { [%clk
0:10:00] } 12. d3 { [%clk 0:09:47] } Bb4 { [%clk 0:09:59] } 13. Bg5 { [%clk
0:09:44] } h6 { [%clk 0:09:55] } 14. Bf4 { [%clk 0:09:42] } Bxc3 { [%clk
0:09:52] } 15. bxc3 { [%clk 0:09:40] } Nd5 { [%clk 0:09:53] } 16. Be5 { [%clk
0:09:39] } f6 { [%clk 0:09:52] } 17. Bg3 { [%clk 0:09:35] } Nxc3 { [%clk
0:09:49] } 18. Rhe1 { [%clk 0:09:29] } Rhe8 { [%clk 0:09:48] } 19. Rxe8 { [%clk
0:09:13] } Rxe8 { [%clk 0:09:48] } 20. Bf4 { [%clk 0:08:59] } Ne2 { [%clk
0:09:38] } 21. Re1 { [%clk 0:08:56] } Nd4+ { [%clk 0:09:37] } 22. Kg3 { [%clk
0:08:49] } Rxe1 { [%clk 0:09:36] } 23. Bd2 { [%clk 0:08:48] } Re8 { [%clk
0:09:34] } 24. Bc3 { [%clk 0:08:47] } Ne2+ { [%clk 0:09:31] } 25. Kf3 { [%clk
0:08:45] } Nxc3 { [%clk 0:09:32] } 26. g4 { [%clk 0:08:43] } Nxa2 { [%clk
0:09:30] } 27. c4 { [%clk 0:08:42] } Nc1 { [%clk 0:09:29] } 28. d4 { [%clk
0:08:41] } Nb3 { [%clk 0:09:28] } 29. d5 { [%clk 0:08:41] } Nd2+ { [%clk
0:09:27] } 30. Kg3 { [%clk 0:08:40] } Nxc4 { [%clk 0:09:27] } 31. dxc6 { [%clk
0:08:40] } bxc6 { [%clk 0:09:27] } 32. Kf4 { [%clk 0:08:40] } g5+ { [%clk
0:09:26] } 33. Kf5 { [%clk 0:08:41] } a5 { [%clk 0:09:26] } 34. Kxf6 { [%clk
0:08:42] } a4 { [%clk 0:09:27] } 35. Kg6 { [%clk 0:08:42] } a3 { [%clk 0:09:27]
} 36. Kxh6 { [%clk 0:08:43] } a2 { [%clk 0:09:27] } 37. h4 { [%clk 0:08:43] }
a1=Q { [%clk 0:09:23] } 38. hxg5 { [%clk 0:08:43] } Rg8 { [%clk 0:09:22] } 39.
g6 { [%clk 0:08:43] } Qg7+ { [%clk 0:09:19] } 40. Kh5 { [%clk 0:08:43] } Qxg6+
{ [%clk 0:09:20] } 41. Kh4 { [%clk 0:08:39] } Qxg4# { [%clk 0:09:19] } 0-1

[Event "Королевский Гамбит. Южный Федеральный округ."]
[Date "2025-11-21"]
[Round "1.1"]
[Board "1"]
[White "Зиновьев Владислав"]
[WhiteElo "1000"]
[Black "Ширшов Светослав"]
[BlackElo "1000"]
[WebSite "https://www.chessopen.ru"]
[GameId "bcd108ba-48c4-4ac9-93e1-c39e4b921b65"]
[Result "0-1"]

1. e4 { [%clk 0:09:59] } e5 { [%clk 0:10:01] } 2. Nf3 { [%clk 0:10:00] } Nc6 {
[%clk 0:10:02] } 3. Bb5 { [%clk 0:10:00] } Nd4 { [%clk 0:10:02] } 4. Bc4 {
[%clk 0:10:01] } a6 { [%clk 0:10:03] } 5. O-O { [%clk 0:09:52] } Nxf3+ { [%clk
0:10:02] } 6. Qxf3 { [%clk 0:09:53] } Qf6 { [%clk 0:10:04] } 7. Qxf6 { [%clk
0:09:52] } Nxf6 { [%clk 0:10:07] } 8. d3 { [%clk 0:09:54] } Bc5 { [%clk
0:10:05] } 9. Be3 { [%clk 0:09:54] } Bxe3 { [%clk 0:10:05] } 10. fxe3 { [%clk
0:09:57] } O-O { [%clk 0:10:06] } 11. Nc3 { [%clk 0:09:54] } d6 { [%clk
0:10:06] } 12. Rae1 { [%clk 0:09:47] } Be6 { [%clk 0:10:04] } 13. Bxe6 { [%clk
0:09:47] } fxe6 { [%clk 0:10:05] } 14. d4 { [%clk 0:09:47] } exd4 { [%clk
0:10:06] } 15. exd4 { [%clk 0:09:50] } Ng4 { [%clk 0:10:02] } 16. Rf3 { [%clk
0:09:32] } Rf7 { [%clk 0:09:49] } 17. Ref1 { [%clk 0:09:30] } Raf8 { [%clk
0:09:49] } 18. h3 { [%clk 0:09:07] } Ne3 { [%clk 0:09:44] } 19. R1f2 { [%clk
0:09:02] } Rxf3 { [%clk 0:09:44] } 20. gxf3 { [%clk 0:09:01] } Nc4 { [%clk
0:09:41] } 21. b3 { [%clk 0:08:58] } Nb6 { [%clk 0:09:41] } 22. Kg2 { [%clk
0:08:56] } Rc8 { [%clk 0:09:24] } 23. d5 { [%clk 0:08:45] } exd5 { [%clk
0:09:24] } 24. Nxd5 { [%clk 0:08:46] } Nxd5 { [%clk 0:09:25] } 25. exd5 { [%clk
0:08:47] } c6 { [%clk 0:09:26] } 26. c4 { [%clk 0:08:44] } cxd5 { [%clk
0:09:26] } 27. cxd5 { [%clk 0:08:46] } Rc5 { [%clk 0:09:25] } 28. Rd2 { [%clk
0:08:47] } Kf7 { [%clk 0:09:26] } 29. Kg3 { [%clk 0:08:48] } Kf6 { [%clk
0:09:26] } 30. f4 { [%clk 0:08:46] } Kf5 { [%clk 0:09:25] } 31. b4 { [%clk
0:08:28] } Rb5 { [%clk 0:09:22] } 32. a3 { [%clk 0:08:29] } Ke4 { [%clk
0:09:21] } 33. Kg4 { [%clk 0:08:28] } Rxd5 { [%clk 0:09:19] } 34. Re2+ { [%clk
0:08:29] } Kd4 { [%clk 0:09:18] } 35. Re7 { [%clk 0:08:30] } h5+ { [%clk
0:09:17] } 36. Kh4 { [%clk 0:08:23] } Rf5 { [%clk 0:09:04] } 37. Rxb7 { [%clk
0:08:18] } Rxf4+ { [%clk 0:09:05] } 38. Kxh5 { [%clk 0:08:17] } Rf5+ { [%clk
0:09:05] } 39. Kg4 { [%clk 0:08:16] } g6 { [%clk 0:09:02] } 40. Rb6 { [%clk
0:08:17] } Rf6 { [%clk 0:08:52] } 41. Rxa6 { [%clk 0:08:16] } Kc4 { [%clk
0:08:49] } 42. Kg5 { [%clk 0:08:15] } Re6 { [%clk 0:08:49] } 43. h4 { [%clk
0:08:11] } Kb5 { [%clk 0:08:48] } 44. Ra5+ { [%clk 0:08:09] } Kc4 { [%clk
0:08:47] } 45. Ra8 { [%clk 0:07:58] } d5 { [%clk 0:08:47] } 46. Rg8 { [%clk
0:07:50] } d4 { [%clk 0:08:43] } 47. Rxg6 { [%clk 0:07:52] } Rxg6+ { [%clk
0:08:43] } 48. Kxg6 { [%clk 0:07:55] } d3 { [%clk 0:08:45] } 49. h5 { [%clk
0:07:57] } d2 { [%clk 0:08:47] } 50. h6 { [%clk 0:07:58] } d1=Q { [%clk
0:08:47] } 51. Kg7 { [%clk 0:07:50] } Qg1+ { [%clk 0:08:39] } 52. Kh8 { [%clk
0:07:51] } Kd5 { [%clk 0:08:34] } 53. b5 { [%clk 0:07:52] } Ke6 { [%clk
0:08:34] } 54. b6 { [%clk 0:07:53] } Qxb6 { [%clk 0:08:32] } 55. h7 { [%clk
0:07:50] } Kf7 { [%clk 0:08:32] } 56. a4 { [%clk 0:07:50] } Qd8# { [%clk
0:08:31] } 0-1

[Event "Королевский Гамбит. Южный Федеральный округ."]
[Date "2025-11-21"]
[Round "1.1"]
[Board "1"]
[White "Мартиросянц Арман"]
[WhiteElo "1000"]
[Black "Асламазян Богдан"]
[BlackElo "1000"]
[WebSite "https://www.chessopen.ru"]
[GameId "2da1a819-9a6b-4c5a-9ef5-4254b024a0b9"]
[Result "1-0"]

1. e4 { [%clk 0:02:40] } e5 { [%clk 0:09:51] } 2. Nf3 { [%clk 0:02:37] } Nc6 {
[%clk 0:09:50] } 3. Bc4 { [%clk 0:02:37] } Qe7 { [%clk 0:09:43] } 4. Nc3 {
[%clk 0:02:36] } Nf6 { [%clk 0:09:40] } 5. O-O { [%clk 0:02:28] } d6 { [%clk
0:09:31] } 6. d3 { [%clk 0:02:27] } Bg4 { [%clk 0:09:28] } 7. Bg5 { [%clk
0:02:25] } Bxf3 { [%clk 0:09:27] } 8. Qxf3 { [%clk 0:02:24] } Nd4 { [%clk
0:09:19] } 9. Qd1 { [%clk 0:02:18] } h6 { [%clk 0:09:15] } 10. Bxf6 { [%clk
0:02:16] } Qxf6 { [%clk 0:09:15] } 11. Nd5 { [%clk 0:02:18] } Qd8 { [%clk
0:09:01] } 12. c3 { [%clk 0:02:16] } Nf3+ { [%clk 0:08:51] } 13. Qxf3 { [%clk
0:02:10] } f6 { [%clk 0:08:43] } 14. Qh5+ { [%clk 0:02:07] } Kd7 { [%clk
0:08:30] } 15. Qf7+ { [%clk 0:01:51] } Be7 { [%clk 0:08:27] } 16. Qxf6 { [%clk
0:01:38] } Bxf6 { [%clk 0:08:27] } 17. Nxf6+ { [%clk 0:01:31] } Qxf6 { [%clk
0:08:26] } 18. Rfe1 { [%clk 0:01:28] } Rhf8 { [%clk 0:08:23] } 19. Re2 { [%clk
0:01:26] } Qg5 { [%clk 0:08:15] } 20. Re3 { [%clk 0:01:17] } Rf6 { [%clk
0:08:12] } 21. Rg3 { [%clk 0:01:17] } Qd2 { [%clk 0:08:08] } 22. Rxg7+ { [%clk
0:01:17] } Kc6 { [%clk 0:08:04] } 23. Bd5+ { [%clk 0:01:16] } Kc5 { [%clk
0:08:03] } 24. Rxc7+ { [%clk 0:01:13] } Kb5 { [%clk 0:08:01] } 25. Rxb7+ {
[%clk 0:01:14] } Ka6 { [%clk 0:07:58] } 26. Rf7 { [%clk 0:00:54] } Rxf7 { [%clk
0:07:55] } 27. Bxf7 { [%clk 0:00:55] } Rf8 { [%clk 0:07:52] } 28. Bc4+ { [%clk
0:00:55] } Kb7 { [%clk 0:07:51] } 29. Bd5+ { [%clk 0:00:56] } Kc7 { [%clk
0:07:49] } 30. Rf1 { [%clk 0:00:53] } a5 { [%clk 0:07:41] } 31. Bc4 { [%clk
0:00:37] } Rf6 { [%clk 0:07:37] } 32. b4 { [%clk 0:00:34] } axb4 { [%clk
0:07:36] } 33. cxb4 { [%clk 0:00:35] } Rg6 { [%clk 0:07:30] } 34. a4 { [%clk
0:00:23] } Qg5 { [%clk 0:07:28] } 35. g3 { [%clk 0:00:23] } d5 { [%clk 0:07:22]
} 36. Bxd5 { [%clk 0:00:20] } Kd6 { [%clk 0:07:21] } 37. b5 { [%clk 0:00:21] }
Kc5 { [%clk 0:07:16] } 38. Bc6 { [%clk 0:00:16] } Qd2 { [%clk 0:07:04] } 39.
Be8 { [%clk 0:00:12] } Rg8 { [%clk 0:07:00] } 40. Bf7 { [%clk 0:00:11] } Rf8 {
[%clk 0:07:00] } 41. Bc4 { [%clk 0:00:11] } Rc8 { [%clk 0:06:56] } 42. f3 {
[%clk 0:00:12] } Rc7 { [%clk 0:06:54] } 43. Rf2 { [%clk 0:00:13] } Qe1+ { [%clk
0:06:53] } 44. Rf1 { [%clk 0:00:14] } Qe3+ { [%clk 0:06:53] } 45. Rf2 { [%clk
0:00:15] } Qe1+ { [%clk 0:06:50] } 46. Rf1 { [%clk 0:00:17] } Qxf1+ { [%clk
0:06:48] } 47. Kxf1 { [%clk 0:00:18] } h5 { [%clk 0:06:47] } 48. Ke2 { [%clk
0:00:19] } Kb4 { [%clk 0:06:45] } 49. Ke3 { [%clk 0:00:20] } Kxa4 { [%clk
0:06:45] } 50. b6 { [%clk 0:00:21] } Rb7 { [%clk 0:06:43] } 51. f4 { [%clk
0:00:22] } exf4+ { [%clk 0:06:42] } 52. gxf4 { [%clk 0:00:22] } Rxb6 { [%clk
0:06:44] } 53. f5 { [%clk 0:00:24] } Rf6 { [%clk 0:06:38] } 54. Kf4 { [%clk
0:00:24] } Kb4 { [%clk 0:06:37] } 55. Kg5 { [%clk 0:00:23] } Rb6 { [%clk
0:06:34] } 56. f6 { [%clk 0:00:24] } Rb8 { [%clk 0:06:31] } 57. Kg6 { [%clk
0:00:20] } Rg8+ { [%clk 0:06:29] } 58. Bxg8 { [%clk 0:00:17] } Kc3 { [%clk
0:06:26] } 59. f7 { [%clk 0:00:18] } Kxd3 { [%clk 0:06:28] } 60. f8=Q { [%clk
0:00:19] } Kxe4 { [%clk 0:06:27] } 61. Qf5+ { [%clk 0:00:20] } Kd4 { [%clk
0:06:26] } 62. Qd5+ { [%clk 0:00:21] } Ke3 { [%clk 0:06:26] } 63. Qg5+ { [%clk
0:00:19] } Ke4 { [%clk 0:06:25] } 64. Bd5+ { [%clk 0:00:20] } Kd4 { [%clk
0:06:26] } 65. Qxh5 { [%clk 0:00:21] } Kc5 { [%clk 0:06:23] } 66. Be6+ { [%clk
0:00:22] } Kd4 { [%clk 0:06:22] } 67. Qd5+ { [%clk 0:00:22] } Ke3 { [%clk
0:06:22] } 68. Kf5 { [%clk 0:00:22] } Kf2 { [%clk 0:06:22] } 69. Kg4 { [%clk
0:00:23] } Ke2 { [%clk 0:06:22] } 70. Bf5 { [%clk 0:00:21] } Ke3 { [%clk
0:06:20] } 71. Qe4+ { [%clk 0:00:21] } Kd2 { [%clk 0:06:20] } 72. Qc2+ { [%clk
0:00:23] } Ke3 { [%clk 0:06:19] } 73. Qe4+ { [%clk 0:00:21] } Kd2 { [%clk
0:06:19] } 74. Qd3+ { [%clk 0:00:22] } Ke1 { [%clk 0:06:17] } 75. Be4 { [%clk
0:00:22] } Kf2 { [%clk 0:06:17] } 76. Qf3+ { [%clk 0:00:21] } Ke1 { [%clk
0:06:17] } 77. Kg3 { [%clk 0:00:21] } Kd2 { [%clk 0:06:17] } 78. Qd3+ { [%clk
0:00:22] } Kc1 { [%clk 0:06:17] } 79. Kf2 { [%clk 0:00:21] } Kb2 { [%clk
0:06:17] } 80. Ke2 { [%clk 0:00:22] } Kc1 { [%clk 0:06:15] } 81. Qc2# { [%clk
0:00:22] } 1-0

[Event "Королевский Гамбит. Южный Федеральный округ."]
[Date "2025-11-21"]
[Round "1.1"]
[Board "1"]
[White "Твердов Ратмир"]
[WhiteElo "1000"]
[Black "Игнатьев Матвей"]
[BlackElo "1000"]
[WebSite "https://www.chessopen.ru"]
[GameId "d58a457b-7a5b-4fc0-a8aa-3253da239432"]
[Result "1-0"]

1. e4 { [%clk 0:09:59] } e6 { [%clk 0:10:00] } 2. d4 { [%clk 0:10:00] } d5 {
[%clk 0:09:58] } 3. e5 { [%clk 0:10:00] } Nc6 { [%clk 0:09:50] } 4. Nf3 { [%clk
0:09:58] } f6 { [%clk 0:09:48] } 5. Nc3 { [%clk 0:09:55] } fxe5 { [%clk
0:09:43] } 6. Nxe5 { [%clk 0:09:52] } Nxe5 { [%clk 0:09:39] } 7. dxe5 { [%clk
0:09:30] } d4 { [%clk 0:09:36] } 8. Bd3 { [%clk 0:09:18] } dxc3 { [%clk
0:09:33] } 9. Qh5+ { [%clk 0:09:14] } g6 { [%clk 0:09:28] } 10. Bxg6+ { [%clk
0:09:10] } hxg6 { [%clk 0:09:02] } 11. Qxg6+ { [%clk 0:09:01] } Ke7 { [%clk
0:08:55] } 12. Bg5+ { [%clk 0:09:01] } Nf6 { [%clk 0:08:50] } 13. Qxf6+ { [%clk
0:09:00] } Kd7 { [%clk 0:08:48] } 14. Qxd8+ { [%clk 0:08:59] } Kc6 { [%clk
0:08:47] } 15. Qd3 { [%clk 0:09:00] } cxb2 { [%clk 0:08:46] } 16. Rb1 { [%clk
0:08:59] } Bc5 { [%clk 0:08:32] } 17. Rxb2 { [%clk 0:09:00] } Rf8 { [%clk
0:08:25] } 18. O-O { [%clk 0:09:01] } Rf5 { [%clk 0:07:39] } 19. Qb5+ { [%clk
0:08:59] } Kd5 { [%clk 0:07:31] } 20. Rd1+ { [%clk 0:08:57] } Kxe5 { [%clk
0:07:29] } 21. Qxc5+ { [%clk 0:08:58] } Ke4 { [%clk 0:07:24] } 22. Re1# { [%clk
0:08:59] } 1-0

[Event "Королевский Гамбит. Южный Федеральный округ."]
[Date "2025-11-21"]
[Round "1.1"]
[Board "1"]
[White "Шалай Мирослав"]
[WhiteElo "1010"]
[Black "Кобызев Ярослав"]
[BlackElo "1000"]
[WebSite "https://www.chessopen.ru"]
[GameId "00fb5d44-05e7-4cdc-ad8a-1b6e668ea9d8"]
[Result "1-0"]

1. d4 { [%clk 0:10:00] } d5 { [%clk 0:09:59] } 2. Bf4 { [%clk 0:09:56] } Nf6 {
[%clk 0:09:51] } 3. e3 { [%clk 0:09:57] } Nc6 { [%clk 0:09:50] } 4. Bd3 { [%clk
0:09:57] } Bg4 { [%clk 0:09:49] } 5. Nf3 { [%clk 0:09:54] } Nb4 { [%clk
0:09:45] } 6. Be2 { [%clk 0:09:47] } Nc6 { [%clk 0:09:40] } 7. h3 { [%clk
0:09:43] } Bxf3 { [%clk 0:09:36] } 8. Bxf3 { [%clk 0:09:42] } Nb4 { [%clk
0:09:23] } 9. Nd2 { [%clk 0:09:37] } Nd3+ { [%clk 0:09:19] } 10. cxd3 { [%clk
0:09:35] } e6 { [%clk 0:09:14] } 11. Bg5 { [%clk 0:09:32] } h5 { [%clk 0:09:15]
} 12. Bxf6 { [%clk 0:09:27] } gxf6 { [%clk 0:09:15] } 13. g4 { [%clk 0:09:27] }
hxg4 { [%clk 0:09:13] } 14. Bxg4 { [%clk 0:09:30] } Bb4 { [%clk 0:09:10] } 15.
a3 { [%clk 0:09:29] } Bxd2+ { [%clk 0:09:09] } 16. Qxd2 { [%clk 0:09:31] } Rg8
{ [%clk 0:09:06] } 17. Qd1 { [%clk 0:09:26] } f5 { [%clk 0:09:05] } 18. Be2 {
[%clk 0:09:18] } Rg3 { [%clk 0:09:02] } 19. fxg3 { [%clk 0:09:15] } Qd6 { [%clk
0:08:58] } 20. Qa4+ { [%clk 0:09:10] } c6 { [%clk 0:08:50] } 21. g4 { [%clk
0:09:09] } b5 { [%clk 0:08:51] } 22. Qc2 { [%clk 0:09:07] } f4 { [%clk 0:08:52]
} 23. exf4 { [%clk 0:09:06] } Qxf4 { [%clk 0:08:49] } 24. Qxc6+ { [%clk
0:09:05] } Kf8 { [%clk 0:08:39] } 25. Qxa8+ { [%clk 0:09:01] } Kg7 { [%clk
0:08:32] } 26. Qxa7 { [%clk 0:09:02] } Qxd4 { [%clk 0:08:29] } 27. Qxd4+ {
[%clk 0:09:01] } f6 { [%clk 0:08:27] } 28. g5 { [%clk 0:08:57] } e5 { [%clk
0:08:29] } 29. Qxe5 { [%clk 0:08:51] } fxe5 { [%clk 0:08:17] } 30. h4 { [%clk
0:08:45] } Kg6 { [%clk 0:08:16] } 31. h5+ { [%clk 0:08:46] } Kxg5 { [%clk
0:08:16] } 32. h6 { [%clk 0:08:49] } Kg6 { [%clk 0:08:17] } 33. h7 { [%clk
0:08:49] } Kg7 { [%clk 0:08:16] } 34. h8=Q+ { [%clk 0:08:52] } Kg6 { [%clk
0:08:16] } 35. Rg1+ { [%clk 0:08:52] } Kf5 { [%clk 0:08:17] } 36. Rc1 { [%clk
0:08:45] } Kf4 { [%clk 0:08:15] } 37. Rg4+ { [%clk 0:08:44] } Ke3 { [%clk
0:08:15] } 38. Qxe5# { [%clk 0:08:43] } 1-0

[Event "Королевский Гамбит. Южный Федеральный округ."]
[Date "2025-11-21"]
[Round "1.2"]
[Board "2"]
[White "Гончаров Никита"]
[WhiteElo "1000"]
[Black "Харьковский Назар"]
[BlackElo "1000"]
[WebSite "https://www.chessopen.ru"]
[GameId "ce24a0a4-6a2b-436e-81e1-f649001baf28"]
[Result "1-0"]

1. e4 { [%clk 0:09:58] } e5 { [%clk 0:10:00] } 2. Nf3 { [%clk 0:09:58] } Nc6 {
[%clk 0:10:01] } 3. Bb5 { [%clk 0:09:58] } d6 { [%clk 0:10:01] } 4. O-O { [%clk
0:09:58] } Nf6 { [%clk 0:10:00] } 5. Re1 { [%clk 0:09:50] } Be7 { [%clk
0:10:01] } 6. d4 { [%clk 0:09:50] } exd4 { [%clk 0:10:02] } 7. Nxd4 { [%clk
0:09:51] } Bd7 { [%clk 0:09:59] } 8. Bg5 { [%clk 0:09:49] } O-O { [%clk
0:09:57] } 9. Bxf6 { [%clk 0:09:45] } Bxf6 { [%clk 0:09:58] } 10. Bxc6 { [%clk
0:09:34] } Bxc6 { [%clk 0:09:59] } 11. Nc3 { [%clk 0:09:33] } Bxd4 { [%clk
0:09:58] } 12. Qxd4 { [%clk 0:09:32] } h6 { [%clk 0:09:56] } 13. Re3 { [%clk
0:09:31] } a6 { [%clk 0:09:53] } 14. Rg3 { [%clk 0:09:31] } g6 { [%clk 0:09:38]
} 15. Qe3 { [%clk 0:09:26] } Kg7 { [%clk 0:09:26] } 16. Nd5 { [%clk 0:09:10] }
Bxd5 { [%clk 0:09:25] } 17. exd5 { [%clk 0:09:10] } Re8 { [%clk 0:09:25] } 18.
Qc3+ { [%clk 0:09:09] } Kh7 { [%clk 0:09:20] } 19. Rf3 { [%clk 0:09:02] } Re7 {
[%clk 0:09:15] } 20. h3 { [%clk 0:08:54] } Qh8 { [%clk 0:09:16] } 21. Qb3 {
[%clk 0:08:45] } Rae8 { [%clk 0:09:16] } 22. Qxb7 { [%clk 0:08:34] } Re1+ {
[%clk 0:09:14] } 23. Rxe1 { [%clk 0:08:28] } Rxe1+ { [%clk 0:09:15] } 24. Kh2 {
[%clk 0:08:27] } Qe5+ { [%clk 0:09:15] } 25. Rg3 { [%clk 0:08:22] } c5 { [%clk
0:08:59] } 26. Qxf7+ { [%clk 0:08:20] } Qg7 { [%clk 0:08:56] } 27. Qxg7+ {
[%clk 0:08:20] } Kxg7 { [%clk 0:08:57] } 28. Rd3 { [%clk 0:08:20] } Rb1 { [%clk
0:08:54] } 29. Rb3 { [%clk 0:08:12] } Rd1 { [%clk 0:08:50] } 30. Rb6 { [%clk
0:08:06] } Rxd5 { [%clk 0:08:50] } 31. Rxa6 { [%clk 0:08:06] } Rd2 { [%clk
0:08:49] } 32. Rb6 { [%clk 0:08:01] } d5 { [%clk 0:08:24] } 33. a4 { [%clk
0:07:55] } Rxc2 { [%clk 0:08:24] } 34. a5 { [%clk 0:07:55] } Rc1 { [%clk
0:08:22] } 35. a6 { [%clk 0:07:50] } Ra1 { [%clk 0:08:23] } 36. Rb7+ { [%clk
0:07:49] } Kf6 { [%clk 0:08:22] } 37. a7 { [%clk 0:07:50] } d4 { [%clk 0:08:14]
} 38. Rc7 { [%clk 0:07:45] } d3 { [%clk 0:08:13] } 39. Rxc5 { [%clk 0:07:42] }
Rxa7 { [%clk 0:08:13] } 40. Rd5 { [%clk 0:07:42] } Ra2 { [%clk 0:08:11] } 41.
Rxd3 { [%clk 0:07:41] } Rxb2 { [%clk 0:08:13] } 42. f4 { [%clk 0:07:42] } Rf2 {
[%clk 0:08:11] } 43. Kg3 { [%clk 0:07:39] } Ra2 { [%clk 0:08:09] } 44. Kf3 {
[%clk 0:07:38] } g5 { [%clk 0:08:09] } 45. Rd6+ { [%clk 0:07:32] } Kg7 { [%clk
0:08:07] } 46. fxg5 { [%clk 0:07:25] } hxg5 { [%clk 0:08:08] } 47. Rd4 { [%clk
0:07:15] } Ra3+ { [%clk 0:08:07] } 48. Kg4 { [%clk 0:07:11] } Kh7 { [%clk
0:08:08] } 49. g3 { [%clk 0:07:06] } Ra8 { [%clk 0:07:59] } 50. Kxg5 { [%clk
0:07:03] } Rg8+ { [%clk 0:07:59] } 51. Kf4 { [%clk 0:07:03] } Kh6 { [%clk
0:08:00] } 52. Rd6+ { [%clk 0:07:01] } Kh7 { [%clk 0:07:58] } 53. g4 { [%clk
0:07:00] } Kh8 { [%clk 0:07:50] } 54. g5 { [%clk 0:07:00] } Rf8+ { [%clk
0:07:49] } 55. Kg4 { [%clk 0:07:00] } Rg8 { [%clk 0:07:47] } 56. h4 { [%clk
0:06:59] } Ra8 { [%clk 0:07:46] } 57. h5 { [%clk 0:06:58] } Ra4+ { [%clk
0:07:46] } 58. Kf5 { [%clk 0:06:57] } Ra5+ { [%clk 0:07:44] } 59. Kg6 { [%clk
0:06:58] } Ra8 { [%clk 0:07:41] } 60. h6 { [%clk 0:06:57] } Rg8+ { [%clk
0:07:41] } 61. Kh5 { [%clk 0:06:54] } Ra8 { [%clk 0:07:24] } 62. g6 { [%clk
0:06:54] } Ra5+ { [%clk 0:07:11] } 63. Kg4 { [%clk 0:06:52] } Ra4+ { [%clk
0:07:08] } 64. Kf5 { [%clk 0:06:53] } Ra8 { [%clk 0:07:02] } 65. Kf6 { [%clk
0:06:39] } Rf8+ { [%clk 0:07:01] } 66. Ke7 { [%clk 0:06:40] } Rg8 { [%clk
0:06:51] } 67. Rd8 { [%clk 0:06:31] } Rxd8 { [%clk 0:06:46] } 68. Kxd8 { [%clk
0:06:32] } Kg8 { [%clk 0:06:46] } 69. Ke7 { [%clk 0:06:30] } Kh8 { [%clk
0:06:47] } 70. g7+ { [%clk 0:06:27] } Kh7 { [%clk 0:06:47] } 71. Kf7 { [%clk
0:06:27] } Kxh6 { [%clk 0:06:46] } 72. g8=Q { [%clk 0:06:23] } Kh5 { [%clk
0:06:47] } 73. Kf6 { [%clk 0:06:23] } Kh4 { [%clk 0:06:48] } 74. Kf5 { [%clk
0:06:24] } Kh3 { [%clk 0:06:49] } 75. Kf4 { [%clk 0:06:26] } Kh2 { [%clk
0:06:50] } 76. Kf3 { [%clk 0:06:27] } Kh1 { [%clk 0:06:50] } 77. Qg5 { [%clk
0:06:29] } Kh2 { [%clk 0:06:50] } 78. Qg2# { [%clk 0:06:27] } 1-0